[Event "Andorra la Vella op"]
[Site "Andorra la Vella"]
[Date "1999.06.27"]
[Round "2"]
[White "Torrecillas Martinez, Antonio"]
[Black "Kuzmin, Alexey"]
[Result "1/2-1/2"]
[WhiteElo "2335"]
[BlackElo "2559"]

1.d4 Nf6 2.c4 g6 3.Nc3 Bg7 4.e4 d6 5.Nf3 O-O 6.Be2 e5 7.dxe5 dxe5 8.Qxd8 Rxd8
9.Bg5 Nbd7 10.O-O-O Rf8 11.Nd5 c6 12.Ne7+ Kh8 13.Be3 Re8 14.Nxc8 Raxc8 15.h3 Bf8
16.Ng5 Kg7 17.Bg4 Rc7 18.Bxd7 Nxd7 19.Kc2 b6 20.a3 a5 21.Rhe1 f6 22.Nf3 a4
23.Nd2 Kf7 24.Nb1 b5 25.Nc3 Ke6 26.Re2 Rb8 27.cxb5 cxb5 28.Kb1 Rc4 29.Nd5 b4
30.axb4 Bxb4 31.Ka2 Rb7 32.f3 Bc5 33.Red2 Bxe3 34.Nxe3 Rc6 35.Rd5 f5 36.exf5+ gxf5
37.g4 fxg4 38.hxg4 Rb3 39.Nf5 Nb6 40.Rd6+ Rxd6 41.Rxd6+ Kf7 42.Rc6 Nd5 43.Rc4 Rxf3
44.Rxa4 Rf4 45.Ra7+ Kf6 46.Rxh7 Rxg4 47.Nd6 e4 48.Nxe4+ Rxe4 49.Rh8 Re3 50.Rb8 Ke7
51.Rb3 Re1 52.Rh3 Kd6 53.Kb3 Kc5 54.Rg3 Re8 55.Rh3 Kd4 56.Rh4+ Kd3 57.Rh3+ Ne3
58.Rh4 Rf8 59.Kb4 Ra8 60.Kb3 Ra7 61.Ra4 Rh7 62.Rf4 Rh2 63.Rf8 Nc2 64.Rf3+ Ke4
65.Rf8 Nd4+ 66.Ka2 Kd5 67.Rd8+ Kc5 68.Rc8+ Nc6 69.Kb3 Kb5 70.Ka3 Rh3+ 71.b3 Kc5
72.Rg8 Rh4 73.Rg5+ Kb6 74.Rf5 Nd4 75.Rf2 Kc5 76.Rf8 Nb5+ 77.Kb2 Rh2+ 78.Kc1 Kb4
79.Kd1 Nd4 80.Ke1 Kc3 81.Rf2 Rh8 82.Rg2 Kd3 83.Rg3+ Ke4 84.Kd2 Rh2+ 85.Kd1 Nf5
86.Rc3 Kd4 87.Rf3 Ne3+ 88.Kc1 Re2 89.Rf8 Kc3 90.Rc8+ Kxb3 91.Rb8+ Kc3 92.Rc8+ Nc4
93.Kd1 Re7 94.Rc6 Kd3 95.Rc8 Ne3+ 96.Kc1 Rd7 97.Kb2 Nd1+ 98.Kc1 Rd4 99.Rh8 Rd7
100.Rh3+ Ne3 101.Kb2 Rb7+ 102.Ka3 Kd4 103.Rh4+ Kc3 104.Ka4 Nc2 105.Ka5 Nd4
106.Ka6 Rb4 107.Rh3+ Kc4 108.Rh6 Ra4+ 109.Kb7 Kc5 110.Rh1 Rc4 111.Kc7  1/2-1/2

[Event "Andorra la Vella op"]
[Site "Andorra la Vella"]
[Date "1999.06.27"]
[Round "2"]
[White "Paillard, Denis"]
[Black "Al Modiahki, Mohamad"]
[Result "0-1"]
[WhiteElo "2242"]
[BlackElo "2530"]

1.c4 Nf6 2.Nc3 g6 3.e4 d6 4.d4 Bg7 5.Nf3 O-O 6.Be2 e5 7.d5 a5 8.g3 Na6 9.Nh4 Nc5
10.f3 Nh5 11.Ng2 Bh3 12.O-O f5 13.exf5 gxf5 14.f4 Nf6 15.Kh1 Ng4 16.Qc2 e4
17.Nd1 Bd4 18.Re1 Qf6 19.Nge3 Nd3 20.Bxd3 exd3 21.Qxd3 Rae8 22.Nc2 Rxe1+
23.Nxe1 Re8 24.Nf3 Bc5 25.Rb1 Qe7  0-1

[Event "Ljubljana op 10th"]
[Site "Ljubljana"]
[Date "1999.06.27"]
[Round "3"]
[White "Srebrnic, Vojko"]
[Black "Nevednichy, Vladislav"]
[Result "0-1"]
[WhiteElo "2248"]
[BlackElo "2505"]

1.d4 Nf6 2.Nf3 g6 3.c4 Bg7 4.Nc3 O-O 5.e4 d6 6.Be2 Nbd7 7.O-O e5 8.dxe5 dxe5
9.Ne1 c6 10.Be3 Qe7 11.Nd3 Ne8 12.b4 Nc7 13.Nc5 Rd8 14.Qc2 Nf8 15.Rfd1 Nce6
16.Rxd8 Qxd8 17.Nxe6 Nxe6 18.Rd1 Nd4 19.Qb2 Qe7 20.Bd3 h5 21.Ne2 Ne6 22.c5 h4
23.Qd2 a5 24.a3 h3 25.g3 axb4 26.axb4 Qf6 27.f4 exf4 28.gxf4 Qh4 29.Qe1 Qxe1+
30.Rxe1 Ra3 31.Rd1 Rb3 32.f5 gxf5 33.exf5 Nc7 34.Kf2 Rxb4 35.Nf4 Be5 36.Rg1+ Kf8
37.Rg4 Nd5 38.Kf3 Rb3 39.Ke4 Nxe3  0-1

[Event "Ljubljana op 10th"]
[Site "Ljubljana"]
[Date "1999.06.27"]
[Round "3"]
[White "Krasevec, Viktor"]
[Black "Tratar, Marko"]
[Result "0-1"]
[WhiteElo "2026"]
[BlackElo "2450"]

1.d4 Nf6 2.c4 g6 3.Nc3 Bg7 4.e4 d6 5.Be2 O-O 6.Nf3 Na6 7.O-O e5 8.Bg5 h6
9.Bxf6 Qxf6 10.c5 exd4 11.Nd5 Qd8 12.Bxa6 c6 13.cxd6 cxd5 14.Bd3 dxe4 15.Bxe4 Qxd6
16.Qb3 Rd8 17.Rad1 Rb8 18.Rd2 Be6 19.Qa4 Qb6 20.Rfd1 Rbc8  0-1

[Event "EUCup99 (Women)"]
[Site "Nova Gorica"]
[Date "1999.06.28"]
[Round "1"]
[White "Horvath, Maria"]
[Black "Zozulia, Anna"]
[Result "0-1"]
[WhiteElo "2067"]
[BlackElo "2327"]

1.d4 g6 2.c4 Bg7 3.Nc3 Nf6 4.e4 d6 5.Nf3 O-O 6.Be2 Na6 7.O-O e5 8.d5 Nc5
9.Qc2 a5 10.Re1 Nh5 11.g3 f5 12.Nd2 f4 13.Bf1 Bg4 14.Bg2 Qf6 15.Rf1 f3 16.Bh1 Bh6
17.Ncb1 Nf4 18.gxf4 Bxf4 19.Nxf3 Bxc1 20.Nxe5 Bh3 21.Qxc1 Bxf1 22.Qxf1 Qg5+
23.Bg2 dxe5 24.Nc3 Rf4 25.f3 Raf8 26.Qe2 Rxf3 27.Nd1 Nxe4 28.h4 Qg3  0-1

[Event "Hotel Irottko IM"]
[Site "Koszeg"]
[Date "1999.06.30"]
[Round "8"]
[White "Kiss, Pal"]
[Black "Wolter, Kai"]
[Result "1/2-1/2"]
[WhiteElo "2436"]
[BlackElo "2320"]

1.d4 Nf6 2.c4 g6 3.Nc3 Bg7 4.e4 d6 5.Nf3 O-O 6.Be2 Na6 7.O-O e5 8.Re1 c6
9.Bf1 exd4 10.Nxd4 Ng4 11.h3 Qb6 12.hxg4 Qxd4 13.g5 Nc5 14.Bf4 Qxd1 15.Raxd1 Be5
16.g3 Re8 17.Rxd6 Bxd6 18.Bxd6 b6 19.e5 Nb7 20.Ne4 Kg7 21.Bb4 Be6  1/2-1/2

[Event "Frankfurt Ordix op"]
[Site "Frankfurt"]
[Date "1999.07.03"]
[Round "2"]
[White "Azmaiparashvili, Zurab"]
[Black "Eckhardt, Thorsten"]
[Result "1-0"]
[WhiteElo "2681"]
[BlackElo "2245"]

1.d4 Nf6 2.Nf3 g6 3.c4 Bg7 4.Nc3 O-O 5.e4 d6 6.Be2 e5 7.Be3 Ng4 8.Bg5 f6
9.Bh4 Nc6 10.d5 Ne7 11.Nd2 Nh6 12.g4 Bd7 13.b4 Qc8 14.f3 a5 15.bxa5 Rxa5
16.Nb3 Ra8 17.c5 Nf7 18.a4 Kh8 19.a5 Ng8 20.a6 bxa6 21.c6 Be8 22.Qd3 Qb8
23.Nd2 Nd8 24.O-O Bh6 25.Rfb1 Qc8 26.Nf1 Bf4 27.Rxa6 f5 28.Rxa8 Qxa8 29.Qa6 Qxa6
30.Bxa6 g5 31.Be1 fxg4 32.fxg4 Nf6 33.Bc8 h5 34.h3 Kg7 35.Bf5 hxg4 36.hxg4 Nf7
37.Rb7 Nh6 38.Rxc7+ Kh8 39.Nb5 Nxf5 40.gxf5 Nxe4 41.Bb4 Rxf5 42.Rc8 Rf8 43.Nc7 Nf6
44.Bxd6 Rg8 45.Be7  1-0

[Event "Haarlem AKN op 8th"]
[Site "Haarlem"]
[Date "1999.07.03"]
[Round "3"]
[White "Van Kooten, Luuk"]
[Black "Szekely, Peter"]
[Result "1/2-1/2"]
[WhiteElo "2331"]
[BlackElo "2436"]

1.d4 Nf6 2.c4 g6 3.Nc3 Bg7 4.e4 d6 5.Be2 O-O 6.Nf3 e5 7.O-O exd4 8.Nxd4 c6
9.Re1 Re8 10.Bf1 Nbd7 11.f3 d5 12.cxd5 cxd5 13.exd5 Rxe1 14.Qxe1 Nb6 15.Be3 Nfxd5
16.Bf2 Nxc3 17.bxc3 Bd7 18.Rc1 Qg5 19.Qe3 Qxe3 20.Bxe3 Nd5 21.Bf2 Bh6 22.Rb1 b6
23.Rb3 Bf8 24.c4 Nb4 25.Nb5 Na6 26.Rd3 Bc6 27.Rd1 Bc5 28.Bxc5 Nxc5 29.Rd6 Bxb5
30.cxb5 Kf8 31.Rc6 Rd8 32.Rc7 Rd7 33.Rxd7 Nxd7 34.Kf2 Ke7 35.Ke3 Kd6 36.Kd4 f6
37.Bc4 Ne5 38.Bg8 h6 39.Bd5 g5 40.Bb7 Nd7 41.Bd5 Nc5 42.Bc6 Ne6+ 43.Ke4 Ng7
44.g4 h5 45.gxh5 f5+ 46.Kd4 Nxh5 47.Bb7  1/2-1/2

[Event "Haarlem AKN op 8th"]
[Site "Haarlem"]
[Date "1999.07.03"]
[Round "4"]
[White "Grooten, Herman"]
[Black "Nijboer, Friso"]
[Result "0-1"]
[WhiteElo "2412"]
[BlackElo "2559"]

1.d4 Nf6 2.c4 g6 3.Nc3 Bg7 4.e4 d6 5.Nf3 O-O 6.Be2 e5 7.Be3 Ng4 8.Bg5 f6
9.Bh4 Nc6 10.d5 Ne7 11.O-O Nh6 12.Ne1 g5 13.Bg3 Ng6 14.h3 Nf4 15.Bg4 Nxg4
16.hxg4 Qd7 17.f3 h5 18.Nc2 hxg4 19.fxg4 Qxg4 20.Qxg4 Bxg4 21.Ne3 Bd7 22.Nf5 Kf7
23.Bf2 Rh8 24.g3 Nh3+ 25.Kg2 a6 26.Be3 g4 27.Rac1 Rh5 28.c5 dxc5 29.Bxc5 Ng5
30.Nh4 Bf8 31.Be3 Bd6 32.b3 Rah8 33.Bxg5 Rxg5 34.a4 b6 35.Nd1 Bc5 36.b4 Bd6
37.Nb2 Rc8 38.Nf5 Bxb4 39.Rc4 Ba3 40.Nd3 Rh5 41.Rc3 Bxf5 42.Rxf5 Rxf5 43.exf5 Bd6
44.Rc4 Rg8 45.Nf2 b5 46.axb5 axb5 47.Rxg4 Rxg4 48.Nxg4 b4 49.Ne3 b3 50.Nc4 Kg7
51.Kf3 Kh6 52.Kg4 e4 53.Nb2 Be5 54.Nc4 b2 55.Na3 Kg7 56.Kh3 Kf7  0-1

[Event "Budapest FS07 IM"]
[Site "Budapest"]
[Date "1999.07.05"]
[Round "3"]
[White "Szeberenyi, Adam"]
[Black "Toth, Andras"]
[Result "0-1"]
[WhiteElo "2357"]
[BlackElo "2297"]

1.d4 Nf6 2.c4 g6 3.Nc3 Bg7 4.e4 d6 5.Nf3 O-O 6.Be2 Nbd7 7.O-O e5 8.Qc2 c6
9.Rd1 Qe7 10.d5 c5 11.Ne1 Ne8 12.a3 f5 13.b4 Nef6 14.Bf3 f4 15.Nd3 b6 16.Nb5 Nb8
17.Bb2 Ne8 18.a4 a5 19.bxa5 bxa5 20.Bc3 h5 21.h3 Qd8 22.Qd2 Nd7 23.Re1 Kh7
24.Nc1 Ndf6 25.Nb3 g5 26.Nxa5 g4 27.Nc6 Qd7 28.hxg4 hxg4 29.Nxd6 gxf3 30.Nf5 Nxe4
31.Qc2 Qxf5 32.Ne7 Qg5 33.Qxe4+ Kh6 34.Qxf3 Bg4 35.Qe4  0-1

[Event "EUCup99 (Women)"]
[Site "Nova Gorica"]
[Date "1999.07.05"]
[Round "7"]
[White "Olarasu, Gabriela"]
[Black "Nikolin, Zorica"]
[Result "1-0"]
[WhiteElo "2333"]
[BlackElo "2212"]

1.d4 Nf6 2.c4 g6 3.Nc3 Bg7 4.e4 d6 5.Nf3 O-O 6.Be2 e5 7.d5 a5 8.Bg5 Na6 9.Nd2 Qe8
10.O-O h5 11.f3 Nh7 12.Be3 f5 13.a3 Bd7 14.b4 f4 15.Bf2 g5 16.c5 Nf6 17.cxd6 cxd6
18.Nc4 axb4 19.axb4 Qe7 20.Nb6 Rab8 21.Bxa6 bxa6 22.Rxa6 g4 23.Nxd7 Qxd7
24.b5 g3 25.hxg3 fxg3 26.Bxg3 Bh6 27.Qe2 Ne8 28.Rfa1 Qg7 29.Bh4 Rb7 30.b6 Bg5
31.Bf2 h4 32.Ra7 Rff7 33.Rxb7 Rxb7 34.Ra7 Bf4 35.Qb5 Kf8 36.Rxb7 Qxb7 37.Bxh4 Bd2
38.Nb1  1-0

[Event "SVK-ch"]
[Site "Nove Zamky"]
[Date "1999.07.06"]
[Round "4"]
[White "Csala, Jan"]
[Black "Lanc, Alois"]
[Result "1-0"]
[WhiteElo "2202"]
[BlackElo "2395"]

1.d4 Nf6 2.c4 d6 3.Nc3 Nbd7 4.e4 e5 5.Nf3 g6 6.Be2 Bg7 7.O-O O-O 8.Re1 c6
9.Rb1 Re8 10.Bf1 a6 11.b4 Qe7 12.d5 cxd5 13.Nxd5 Nxd5 14.Qxd5 Nb6 15.Qa5 Nd7
16.Qd5 a5 17.a3 h6 18.Be3 Kh7 19.Red1 Bf8 20.Rbc1 axb4 21.axb4 Ra3 22.c5 dxc5
23.Bb5 Nf6 24.Bxc5 Nxd5 25.Bxe7 Nc3 26.Bxe8 Bxe7 27.Re1 Bg4 28.Ra1 Rxa1 29.Rxa1 Nxe4
30.Nxe5 Bf5 31.Ra7 Nd6 32.Bd7 Be4 33.Bc6  1-0

[Event "SVK-ch"]
[Site "Nove Zamky"]
[Date "1999.07.06"]
[Round "4"]
[White "Babula, Vlastimil"]
[Black "Likavsky, Tomas"]
[Result "1-0"]
[WhiteElo "2567"]
[BlackElo "2366"]

1.d4 Nf6 2.c4 g6 3.Nc3 Bg7 4.e4 d6 5.Nf3 O-O 6.Be2 e5 7.O-O Na6 8.Re1 c6
9.Rb1 exd4 10.Nxd4 Re8 11.Bf1 Ng4 12.h3 Qb6 13.hxg4 Qxd4 14.g5 Nc5 15.Bf4 Qxd1
16.Rbxd1 Be5 17.Bd2 Bd7 18.b4 Ne6 19.Ne2 Nd4 20.Nxd4 Bxd4 21.g3 Bg4 22.Rc1 Re7
23.Kg2 Rae8 24.f3 Bc8 25.Bf4 Be5 26.Be3 b6 27.Red1 Bb7 28.a4 d5 29.cxd5 cxd5
30.Bb5 Rd8 31.Bf4 Bxf4 32.gxf4 d4 33.Kf2 Bc8 34.Rc4 a6 35.Bc6 Rc7 36.b5 axb5
37.axb5 d3 38.Ke3 Be6 39.Rc3 d2 40.Ra3 h6 41.gxh6 Kh7 42.Rxd2 Rxd2 43.Kxd2 Bd7
44.Bxd7 Rxd7+ 45.Rd3 Rb7 46.Rd6 Kxh6 47.f5  1-0

[Event "Politiken Cup"]
[Site "Copenhagen"]
[Date "1999.07.07"]
[Round "5"]
[White "Mortensen, Henrik"]
[Black "Larsen, Karsten"]
[Result "1/2-1/2"]
[WhiteElo "2078"]
[BlackElo "2281"]

1.d4 Nf6 2.c4 g6 3.Nc3 Bg7 4.e4 d6 5.Be2 O-O 6.Nf3 e5 7.dxe5 dxe5 8.Qxd8 Rxd8
9.Bg5 Re8 10.Nd5 Nxd5 11.cxd5 c6 12.Bc4 b5 13.Bb3 Bb7 14.Rc1 Rc8 15.Be3 h6
16.Ke2 Nd7 17.dxc6 Bxc6 18.Rhd1 Nf8 19.Nd2 a6 20.Rc2 Bd7 21.Rdc1 Ne6 22.Bxe6 Bxe6
23.Rxc8+ Rxc8 24.Rxc8+ Bxc8 25.Bc5 f6 26.Nb1 Bb7 27.f3 Kf7 28.Bb4 Ke6 29.Nc3 Bc6
30.Kd3 h5 31.Ne2 Bh6 32.Nc3 f5 33.b3 Bg5 34.Nb1 Bh4 35.Nd2 Bf2 36.Nb1 Bb6
37.Nd2 f4 38.Bc3 g5 39.h3 Be3 40.Nf1 Bb6 41.Nd2 Bd7 42.Ke2 a5 43.Kd3 Bc7
44.Bb2 Kf6 45.Bc3 Ke6 46.Bb2 Bd6 47.Bc3 Bb4 48.Bxb4 axb4 49.Ke2 Kd6 50.Kd3 Kc5
51.Nf1 Bc8 52.Nh2 Be6 53.Nf1 Kc6 54.Nd2 Kd6 55.Nf1 Ke7 56.Nd2 Kf6 57.Ke2 Bc8
58.Kf2 Ke7 59.Ke2 Kd6 60.Kd3 Kc5 61.Nf1 Bd7 62.Nd2 Be6 63.Nb1 Bg8 64.Nd2 Bf7
65.Nb1 Be8 66.Nd2 Bd7 67.Nf1 Bc8 68.Nd2 Be6 69.Nb1 g4 70.hxg4 hxg4 71.fxg4 Bxg4
72.Nd2 Kd6 73.Nf3 Ke6 74.Ne1 Kd6 75.Nf3 Bxf3 76.gxf3 Kc5 77.Ke2 Kd4 78.Kd2  1/2-1/2

[Event "Politiken Cup"]
[Site "Copenhagen"]
[Date "1999.07.08"]
[Round "6"]
[White "Olsen, Heini"]
[Black "Bogdanov, Dimitri"]
[Result "1-0"]
[WhiteElo "2292"]
[BlackElo "2175"]

1.Nf3 g6 2.d4 Bg7 3.c4 d6 4.Nc3 Nf6 5.e4 O-O 6.Be2 e5 7.d5 a5 8.Bg5 h6 9.Bh4 Na6
10.Nd2 Nc5 11.O-O Bd7 12.Kh1 Qc8 13.b3 Kh8 14.a3 Nh7 15.f3 f5 16.b4 Na6 17.Rb1 axb4
18.axb4 Bf6 19.Bf2 Be7 20.c5 Nf6 21.c6 bxc6 22.dxc6 Be6 23.b5 Nc5 24.Bxc5 dxc5
25.Nc4 Bxc4 26.Bxc4 fxe4 27.fxe4 Rd8 28.Qb3 Qg4 29.Be6 Qh4 30.b6 cxb6 31.c7 Rd3
32.Qxb6 Bd8 33.cxd8=Q+ Raxd8 34.Qxc5  1-0

[Event "Budapest FS07 IM"]
[Site "Budapest"]
[Date "1999.07.11"]
[Round "9"]
[White "Serrer, Christoph"]
[Black "Toth, Andras"]
[Result "1/2-1/2"]
[WhiteElo "2257"]
[BlackElo "2297"]

1.d4 Nf6 2.c4 g6 3.Nc3 Bg7 4.e4 d6 5.Nf3 O-O 6.Be2 Nbd7 7.O-O e5 8.Re1 c6
9.Bf1 a5 10.dxe5 dxe5 11.Na4 Qe7 12.Qc2 b6 13.Be3 Rb8 14.h3 Ne8 15.c5 b5
16.Nb6 Nc7 17.a4 b4  1/2-1/2

[Event "Politiken Cup"]
[Site "Copenhagen"]
[Date "1999.07.11"]
[Round "8"]
[White "Olsen, Heini"]
[Black "Trygstad, Kristian"]
[Result "1-0"]
[WhiteElo "2292"]
[BlackElo "2227"]

1.d4 Nf6 2.c4 g6 3.Nc3 Bg7 4.e4 d6 5.Nf3 O-O 6.Be2 Na6 7.O-O e5 8.Be3 Ng4
9.Bg5 Qe8 10.dxe5 h6 11.Bd2 dxe5 12.h3 Nf6 13.Be3 Nh5 14.Re1 Nf4 15.Bf1 Ne6
16.Qd2 Kh7 17.Rad1 b6 18.Nd5 c6 19.Bxh6 cxd5 20.Bxg7 Nxg7 21.Qxd5  1-0

[Event "Budapest FS07 IM"]
[Site "Budapest"]
[Date "1999.07.12"]
[Round "10"]
[White "Szeberenyi, Adam"]
[Black "Kiss, Gedeon"]
[Result "0-1"]
[WhiteElo "2357"]
[BlackElo "2326"]

1.d4 g6 2.c4 Bg7 3.Nc3 d6 4.e4 Nd7 5.Nf3 e5 6.Be2 Ngf6 7.O-O O-O 8.Qc2 a5
9.Rd1 exd4 10.Nxd4 Re8 11.f3 c6 12.Kh1 Nc5 13.Bg5 h6 14.Bh4 Qc7 15.Bf2 Nfd7
16.Rab1 Ne5 17.b3 Qe7 18.a3 h5 19.b4 axb4 20.axb4 Ne6 21.Na4 Nxd4 22.Bxd4 Be6
23.c5 d5 24.Nb6 dxe4 25.f4 Ng4 26.Nxa8 Bxd4 27.Bxg4 hxg4 28.Rxd4 Rxa8 29.Qxe4 Qh4
30.Qe1 Qh5 31.Qe5 Qh4 32.Rbd1 g3 33.h3 Bxh3 34.Rd8+ Rxd8 35.Rxd8+ Qxd8 36.gxh3 Qd2
37.Qe8+ Kg7 38.Qe5+ Kh7  0-1

[Event "Politiken Cup"]
[Site "Copenhagen"]
[Date "1999.07.12"]
[Round "9"]
[White "Christensen, Thomas"]
[Black "Bekker Jensen, Simon"]
[Result "1/2-1/2"]
[WhiteElo "2231"]
[BlackElo "2436"]

1.d4 Nf6 2.c4 g6 3.Nc3 Bg7 4.e4 d6 5.Be2 O-O 6.Nf3 Na6 7.O-O e5 8.Be3 Ng4
9.Bg5 Qe8 10.dxe5 dxe5 11.h3 h6 12.Bc1 Nf6 13.Be3 Qe7 14.Nd5 Qd8 15.Nxf6+ Qxf6
16.c5 Nb8 17.Qb3 Nc6 18.Rfd1 a6 19.Rd2 Qe7 20.a3 Kh8 21.Qc2 a5 22.Re1 Bd7
23.Red1 Be8 24.b4 axb4 25.axb4 Nxb4 26.Qb2 Nc6 27.Qxb7 Rb8 28.Qa6 f5 29.exf5 gxf5
30.g3 f4 31.gxf4 exf4 32.Bd4 Nxd4 33.Nxd4 Rf6 34.Qc4 Rg6+ 35.Kh2 Bf7 36.Qc2 Rd8
37.Bf3 Qg5 38.Qf5 Bg8 39.Qxg5 Rxg5 40.c6 Be5 41.h4 Rg6  1/2-1/2

[Event "Politiken Cup"]
[Site "Copenhagen"]
[Date "1999.07.12"]
[Round "9"]
[White "Adamski, Jan"]
[Black "Sinkbaek, Aage"]
[Result "1-0"]
[WhiteElo "2418"]
[BlackElo "2232"]

1.d4 Nf6 2.Nf3 g6 3.c4 Bg7 4.Nc3 O-O 5.e4 d6 6.Be2 e5 7.O-O Nbd7 8.Qc2 c6
9.Be3 Ng4 10.Bg5 Bf6 11.Bxf6 Ngxf6 12.Rad1 Qe7 13.Rfe1 Kg7 14.Bf1 Re8 15.Qd2 Nf8
16.h3 Nh5 17.g3 Qf6 18.Re3 h6 19.b4 b6 20.b5 Bb7 21.bxc6 Bxc6 22.Nd5 Bxd5
23.cxd5 exd4 24.Nxd4 a6 25.Be2 Nd7 26.Bxh5 gxh5 27.Rf3 Qg6 28.Nf5+ Kh7 29.Rf4 Ne5
30.Qe2 b5 31.Rh4 Rac8 32.Qxh5 Rc2 33.Qxh6+ Qxh6 34.Rxh6+ Kg8 35.Nxd6 Ra8
36.a3 Ra2 37.Rh5 Nc4 38.Nxc4 bxc4 39.Rc1 Rc8 40.d6 Rxa3 41.Rxc4 Rd8 42.Rd5 a5  1-0

[Event "Arthur Dake Int"]
[Site "San Francisco"]
[Date "1999.07.12"]
[Round "2"]
[White "Rey, Guillermo"]
[Black "Grefe, John A"]
[Result "1/2-1/2"]
[WhiteElo "2363"]
[BlackElo "2409"]

1.d4 Nf6 2.c4 g6 3.Nc3 Bg7 4.e4 d6 5.Nf3 O-O 6.Be2 e5 7.dxe5 dxe5 8.Qxd8 Rxd8
9.Bg5 c6 10.Nxe5 Re8 11.O-O-O Na6 12.Rd6 Be6 13.f4 h6 14.Bxf6 Bxf6 15.Rhd1 Bxe5
16.fxe5 Rac8 17.Kd2 Re7 18.Ke3 Rce8  1/2-1/2

[Event "Budapest FS07 IM"]
[Site "Budapest"]
[Date "1999.07.13"]
[Round "11"]
[White "Husari, Sate"]
[Black "Toth, Andras"]
[Result "0-1"]
[WhiteElo "2307"]
[BlackElo "2297"]

1.d4 Nf6 2.Nf3 g6 3.c4 Bg7 4.Nc3 O-O 5.e4 d6 6.Be2 e5 7.dxe5 dxe5 8.Qxd8 Rxd8
9.Nd5 Nxd5 10.cxd5 c6 11.Bc4 b5 12.Bb3 a5 13.a3 a4 14.Ba2 Bb7 15.dxc6 Nxc6
16.Bd5 Na5 17.Bxb7 Nxb7 18.Be3 Rac8 19.O-O Nc5 20.Bxc5 Rxc5 21.Rfc1 Rdc8
22.Rxc5 Rxc5 23.Kf1 Bh6 24.Ne1 Rc4 25.f3 Rd4 26.b3 Rd2 27.f4 Bxf4 28.bxa4 bxa4
29.Nf3 Rc2 30.Re1 f6 31.Re2 Rxe2 32.Kxe2 Bc1 33.Nd2 Bxa3 34.Kd1 Bc5 35.Kc2 Kg7
36.Kc3 a3 37.Kb3 Kh6 38.Nf3 Kg7 39.g4 Bd6 40.Nd2 Kf7 41.Nc4 Bc5 42.h3 Ke6
43.h4 h5 44.gxh5 gxh5 45.Nd2 f5 46.Ka2 Bb4 47.Nf1 fxe4 48.Ng3 e3 49.Kb1 Be7
50.Nf1 e2  0-1

[Event "Bydgoszcz Bank Pocztowy op"]
[Site "Bydgoszcz"]
[Date "1999.07.13"]
[Round "2"]
[White "Malakhatko, Vadim"]
[Black "Kozakov, Mikhail"]
[Result "1-0"]
[WhiteElo "2537"]
[BlackElo "2450"]

1.Nf3 Nf6 2.c4 g6 3.Nc3 Bg7 4.e4 d6 5.d4 O-O 6.Be2 e5 7.O-O Na6 8.Re1 c6
9.Bf1 exd4 10.Nxd4 Ng4 11.h3 Qb6 12.hxg4 Qxd4 13.Qf3 Qe5 14.g5 Nc5 15.Bf4 Qe7
16.Rad1 Be5 17.Qg3 Re8 18.b4 Nd7 19.Qe3 a5 20.b5 Nc5 21.Bh2 Qf8 22.f3 h6
23.gxh6 Kh7 24.Bxe5 dxe5 25.f4 exf4 26.Qxf4 Be6 27.bxc6 bxc6 28.Rd6 Rac8
29.e5 Qxh6 30.Qf2 Nb7 31.Rd4 g5 32.Ne4 Kg7 33.Qe3 Rcd8 34.Rxd8 Rxd8 35.Nxg5 Rh8
36.Qg3 Qg6 37.Bd3 Bf5 38.Bxf5 Qxf5 39.Rf1 Rh1+ 40.Kxh1 Qxf1+ 41.Kh2 Kf8 42.e6 f6
43.Qb8+ Kg7 44.Qxb7+ Kg6 45.Nf3 Qc1 46.Qf7+  1-0

[Event "Politiken Cup"]
[Site "Copenhagen"]
[Date "1999.07.13"]
[Round "10"]
[White "Schneider, Stefan"]
[Black "Lyrberg, Patrik"]
[Result "1/2-1/2"]
[WhiteElo "2353"]
[BlackElo "2395"]

1.d4 Nf6 2.c4 g6 3.Nc3 Bg7 4.e4 O-O 5.Be2 d6 6.Nf3 Na6 7.O-O e5 8.Bg5 h6
9.Bh4 g5 10.Bg3 g4 11.Nh4 exd4 12.Qxd4 Re8 13.e5 dxe5 14.Qxd8 Rxd8 15.Bxe5 Re8
16.Bd4 Nb4 17.Rfc1 Bd7 18.a3 Nc6 19.Be3 Ne4 20.Nxe4 Rxe4 21.Rab1 Rae8 22.Bd3 R4e5
23.g3 Rh5 24.Be2 Nd4  1/2-1/2

[Event "Politiken Cup"]
[Site "Copenhagen"]
[Date "1999.07.14"]
[Round "11"]
[White "Pedersen, Steffen"]
[Black "Olsen, Heini"]
[Result "1-0"]
[WhiteElo "2427"]
[BlackElo "2292"]

1.d4 Nf6 2.c4 g6 3.Nc3 Bg7 4.e4 d6 5.Nf3 O-O 6.Be2 e5 7.O-O Nbd7 8.Be3 c6
9.d5 c5 10.Nd2 Ne8 11.Rb1 f5 12.f3 f4 13.Bf2 h5 14.b4 b6 15.bxc5 bxc5 16.Qa4 Nb6
17.Qa3 g5 18.Nb5 Rf6 19.Nb3 a6 20.Nc3 a5 21.Nxc5 dxc5 22.Bxc5 Nd7 23.Bf2 Bf8
24.c5 g4 25.d6 Rg6 26.fxg4 hxg4 27.g3 Ndf6 28.Bc4+ Kh8 29.Rfe1 Nxd6 30.cxd6 Bxd6
31.Red1 Bxa3 32.Rxd8+ Kg7 33.gxf4 Be7 34.Rdd1 exf4 35.e5 Nh5 36.Nd5 Bd8 37.Nxf4 Nxf4
38.Rxd8 Nh3+ 39.Kg2 Bf5 40.Rb7+ Kh6 41.Be3+ Ng5 42.Rxa8 Be4+ 43.Kg3 Bxb7
44.Rh8+ Kg7 45.Rg8+ Kh6 46.Kxg4 Rxg8 47.Bxg8 Bc8+ 48.Kg3 Kg7 49.Bb3 Nf7 50.Bd4 Kg6
51.Kf4 Nd8 52.Bc2+ Kf7 53.Bc3 Ne6+ 54.Ke3  1-0

[Event "Politiken Cup"]
[Site "Copenhagen"]
[Date "1999.07.14"]
[Round "11"]
[White "Baekgaard, Martin"]
[Black "Sinkbaek, Aage"]
[Result "1-0"]
[WhiteElo "2055"]
[BlackElo "2232"]

1.d4 Nf6 2.c4 g6 3.Nc3 Bg7 4.e4 d6 5.Be2 O-O 6.Nf3 e5 7.d5 a5 8.O-O Na6 9.Be3 Ng4
10.Bg5 f6 11.Bh4 h5 12.Nd2 Nh6 13.f3 g5 14.Bf2 f5 15.exf5 Bxf5 16.Nde4 Bxe4
17.Nxe4 Nf5 18.Qd2 Bh6 19.g4 Ng7 20.Be3 b6 21.h4 Rf4 22.Bxf4 exf4 23.Qd4 Nc5
24.Nf6+ Kf7 25.Nxh5 Nxh5 26.gxh5 Qe7 27.Bd3 Nxd3 28.Qxd3 Rg8 29.Qf5+ Qf6
30.Qxf6+ Kxf6 31.hxg5+ Rxg5+ 32.Kf2 Rxh5 33.Rh1 Rxh1 34.Rxh1 Bg7 35.Ke2 Kf5
36.b3 Bd4 37.Rh7 b5 38.Rxc7 bxc4 39.bxc4 Bc3 40.Kd3 Bb4 41.Rf7+ Ke5 42.Rc7 Ba3
43.Kc3 Bb4+ 44.Kb3 Kd4 45.Re7 Bd2 46.Re4+ Kc5 47.Kc2 Be3 48.Kd3 Kb4 49.Rxe3 fxe3
50.Kxe3 Kxc4 51.Ke4 a4 52.f4 a3 53.f5 Kc3 54.f6 Kb2 55.f7 Kxa2 56.f8=Q  1-0

[Event "Bydgoszcz Bank Pocztowy op"]
[Site "Bydgoszcz"]
[Date "1999.07.15"]
[Round "4"]
[White "Poluljahov, Aleksandr"]
[Black "Volokitin, Andrei"]
[Result "1-0"]
[WhiteElo "2554"]
[BlackElo "2307"]

1.Nf3 Nf6 2.c4 g6 3.Nc3 Bg7 4.e4 d6 5.d4 O-O 6.Be2 e5 7.Be3 Ng4 8.Bg5 f6
9.Bh4 Qd7 10.O-O f5 11.dxe5 dxe5 12.c5 Qxd1 13.Rfxd1 fxe4 14.Ng5 Nc6 15.Bc4+ Kh8
16.Nf7+ Rxf7 17.Bxf7 e3 18.h3 exf2+ 19.Bxf2 Nxf2 20.Kxf2 Nd4 21.Bd5 c6 22.Be4 Be6
23.b4 a6 24.Kg1 Bh6 25.Kh2 Kg8 26.Rab1 Nf5 27.g3 Be3 28.Bc2 Nd4 29.Bd3 Rf8
30.Rf1 Rxf1 31.Bxf1 Bf5 32.Bc4+ Kg7 33.Rb2 Bc1 34.Rf2 Bd2 35.Ne2 Nxe2 36.Rxe2 Bxb4
37.g4 Bc8 38.Rf2 Ba5 39.Rf7+ Kh6 40.Rf8 Bd7 41.Rf7 Bc8 42.Kg3 b5 43.cxb6 Bxb6
44.h4 g5 45.Rf6+ Kg7 46.Rxc6 gxh4+ 47.Kh3  1-0

[Event "Tan Chin Nam Cup 5th"]
[Site "Shenyang"]
[Date "1999.07.15"]
[Round "7"]
[White "Krasenkow, Michal"]
[Black "Peng Xiaomin"]
[Result "1-0"]
[WhiteElo "2647"]
[BlackElo "2574"]

1.Nf3 Nf6 2.d4 g6 3.c4 Bg7 4.Nc3 O-O 5.e4 d6 6.Be2 e5 7.O-O Na6 8.Re1 c6
9.Bf1 Bg4 10.d5 Ne8 11.h3 Bd7 12.a3 c5 13.Nh2 Kh8 14.Kh1 Rb8 15.g3 Nec7 16.f4 f6
17.Nf3 b5 18.g4 bxc4 19.f5 Nb5 20.Nxb5 Bxb5 21.a4 Be8 22.Bxc4 Nb4 23.h4 Qe7
24.Ra3 gxf5 25.gxf5 Bh5 26.Qd2 Rg8 27.Rg1 Qf7 28.Ng5 fxg5 29.hxg5 Bg6 30.Qh2 Bf8
31.Rf1 Qg7 32.fxg6 Qxg6 33.Rf5 Rb7 34.Rh3 Rf7 35.Qf2 Rfg7 36.Rxf8 Qxe4+ 37.Kh2 Qxc4
38.Rxg8+ Kxg8 39.Rf3  1-0

[Event "Bydgoszcz Bank Pocztowy op"]
[Site "Bydgoszcz"]
[Date "1999.07.17"]
[Round "6"]
[White "Poluljahov, Aleksandr"]
[Black "Kastanieda, Georgiy"]
[Result "1-0"]
[WhiteElo "2554"]
[BlackElo "2415"]

1.d4 d6 2.Nf3 Nf6 3.c4 g6 4.Nc3 Bg7 5.e4 O-O 6.Be2 e5 7.d5 Nbd7 8.Be3 Ng4
9.Bd2 f5 10.exf5 Nc5 11.O-O gxf5 12.b4 Nd7 13.Ng5 Ndf6 14.h3 Nh6 15.f4 e4
16.Qb3 Qe7 17.Be3 Nf7 18.Nxf7 Qxf7 19.Kh2 Bd7 20.Rac1 Kh8 21.Rg1 Rg8 22.g3 Qg6
23.a4 Qh6 24.Nb5 Ng4+ 25.Bxg4 fxg4 26.h4 c6 27.Nd4 Qg6 28.Rgd1 Rac8 29.dxc6 bxc6
30.b5 c5 31.Ne2 Rgd8 32.Nc3 Bxc3 33.Qxc3+ Kg8 34.Rd5 h6 35.Rcd1 Be8 36.Bxc5 Qg7
37.Qxg7+ Kxg7 38.Bxd6 Kg8 39.c5 Bf7 40.R5d4 e3 41.Re1  1-0

[Event "Komercni Banka op"]
[Site "Pardubice"]
[Date "1999.07.18"]
[Round "3"]
[White "Sherbakov, Ruslan"]
[Black "Krapivin, Vladislav"]
[Result "1/2-1/2"]
[WhiteElo "2541"]
[BlackElo "2365"]

1.d4 Nf6 2.c4 g6 3.Nc3 Bg7 4.e4 d6 5.Be2 O-O 6.Nf3 e5 7.Be3 exd4 8.Nxd4 Re8
9.f3 Nc6 10.Qd2 Nh5 11.Nxc6 bxc6 12.g4 Nf6 13.O-O-O Be6 14.h4 Rb8 15.h5 Bxg4
16.hxg6 fxg6 17.Bxa7 Ra8 18.Be3 Be6 19.Bh6 Bh8 20.Bd3 Nd7 21.f4 Nc5 22.Bg5 Qd7
23.f5 Rxa2 24.fxe6 Qxe6 25.Qh2 Nxd3+ 26.Rxd3 Ra1+ 27.Kc2 Rxh1 28.Qxh1 Qxc4
29.Bd2 Rb8 30.Rh3 h5 31.Qg2 Kh7 32.Rf3 Bg7 33.Kc1 Re8 34.Qf1 Rxe4 35.Qxc4 Rxc4
36.Rf7 d5 37.Kd1 Kg8 38.Rxc7 Be5 39.Re7 Bf6 40.Rc7 h4 41.Rc8+ Kf7 42.Rc7+ Kg8
43.Rc8+ Kh7 44.Rc7+ Bg7 45.Ke2 h3 46.Nd1 h2 47.Nf2 Kg8 48.Rc8+ Kh7 49.Rc7 Kg8
50.Rc8+ Bf8 51.b3 Rh4 52.Rxc6 h1=Q 53.Nxh1 Rxh1 54.Rxg6+ Kf7 55.Rb6 Ke8 56.Rb5 Rh5
57.Rb8+ Kf7 58.b4 Bd6 59.Rb6 Ke7 60.Kd3 Kd7 61.b5 Be5 62.Rb7+ Ke6 63.Rb6+ Kd7
64.Rb7+  1/2-1/2